TOP10 Real Madrid goal scorers - Statistics

General Stats
  • This quiz has been taken 68 times
  • The average score is 4 of 10
Answer Stats
Hint Answer % Correct
450 ronaldo
100%
354 benzema
87%
323 raul
71%
293 di stefano
54%
230 puskas
51%
208 sanchez
21%
175 gento
16%
170 butragueno
14%
281 santillana
13%
166 pirri
10%
No matching quizzes found
Score Distribution
Percent of People with Each Score
Percentile by Number Answered
Your Score History
You have not taken this quiz